Huelga /
Uloženo v:
| Hlavní autor: | |
|---|---|
| Médium: | Neznámo |
| Jazyk: | Spanish |
| Vydáno: |
Cuba :
Editorial Casa de las Américas,
1981.
|
| Témata: | |
| Tagy: |
Přidat tag
Žádné tagy, Buďte první, kdo vytvoří štítek k tomuto záznamu!
|
MARC
| LEADER | 000000000a22000000004500 | ||
|---|---|---|---|
| 001 | 003154 | ||
| 041 | 0 | |a spa | |
| 082 | 0 | 4 | |a Cu862.4 |b P348h |
| 100 | 1 | |a Paz Hernández, Albio | |
| 245 | 1 | 0 | |a Huelga / |c Albio Paz Hernández. |
| 260 | 1 | |a Cuba : |b Editorial Casa de las Américas, |c 1981. | |
| 300 | |a 91 páginas | ||
| 500 | |a Premio Casa de las Américas | ||
| 650 | 4 | |a LITERATURA CUBANA | |
| 650 | 4 | |a TEATRO | |
| 999 | |c 9451 |d 9451 | ||
| 942 | |c BK |h Cu862.4 P348h |2 z | ||
